[Event "Guernsey op 44th"]
[Site "Vale"]
[Date "2018.10.25"]
[Round "5"]
[White "Brown, Geoffrey D"]
[Black "Heesen, Jos HW"]
[Result "1-0"]
[WhiteElo "1612"]
[BlackElo "1760"]
[PlyCount "63"]
[EventDate "2018.10.21"]
[EventType "swiss"]
[EventRounds "7"]
[EventCountry "GCI"]
[SourceTitle "EXT 2021"]
[Source "ChessBase"]
[SourceDate "2020.10.23"]
[SourceVersion "1"]
[SourceVersionDate "2020.10.23"]
[SourceQuality "1"]

1. e4 e6 2. Nf3 d5 3. e5 c5 4. b4 Nd7 5. bxc5 Bxc5 6. d4 Be7 7. Bd3 f6 8. 0-0 fxe5 9. dxe5 Nc5 10. Be2 Bd7 11. Na3 a6 12. c4 Bc6 13. Qd4 Ne4 14. cxd5 Bxd5 15. Re1 Bc5 16. Qa4+ b5 17. Nxb5 axb5 18. Bxb5+ Kf8 19. Qc2 Qb6 20. a4 Nxf2 21. Rf1 Ne7 22. Rxf2 Nf5 23. Ba3 Bxa3 24. Rxa3 Ke7 25. Rc3 Ra7 26. Qc1 h6 27. g4 Bxf3 28. Rcxf3 Nd4 29. Qa3+ Kd8 30. Rf8+ Rxf8 31. Qxf8+ Kc7 32. Rf7# 1-0

[Event "Guernsey op 44th"]
[Site "Vale"]
[Date "2018.10.23"]
[Round "3"]
[White "Brown, Geoffrey D"]
[Black "O'Connell, Denis"]
[Result "0-1"]
[WhiteElo "1612"]
[BlackElo "1783"]
[PlyCount "30"]
[EventDate "2018.10.21"]
[EventType "swiss"]
[EventRounds "7"]
[EventCountry "GCI"]
[SourceTitle "EXT 2021"]
[Source "ChessBase"]
[SourceDate "2020.10.23"]
[SourceVersion "1"]
[SourceVersionDate "2020.10.23"]
[SourceQuality "1"]

1. e4 d5 2. exd5 Nf6 3. Nc3 Nxd5 4. Nxd5 Qxd5 5. Nf3 Bg4 6. Be2 Nc6 7. 0-0 0-0-0 8. d3 e5 9. Ng5 Bxe2 10. Qxe2 f6 11. Ne4 Nd4 12. Qd1 h5 13. Be3 Nf5 14. Nc3 Nxe3 15. Nxd5 Nxd1 0-1

[Event "Basingstoke Spring Bank op U1825"]
[Site "Basingstoke"]
[Date "2018.05.28"]
[Round "6.4"]
[White "Brown, Geoffrey D"]
[Black "Neatherway, A Philip"]
[Result "0-1"]
[WhiteElo "1547"]
[BlackElo "1810"]
[PlyCount "66"]
[EventDate "2018.05.25"]
[EventType "swiss"]
[EventRounds "7"]
[EventCountry "ENG"]
[SourceTitle "EXT 2023"]
[Source "ChessBase"]
[SourceDate "2022.10.05"]
[SourceVersion "1"]
[SourceVersionDate "2022.10.05"]
[SourceQuality "1"]

1. e4 c5 2. a3 e6 3. b4 d5 4. e5 cxb4 5. d4 Nc6 6. axb4 Nxb4 7. c3 Nc6 8. Bd3 f5 9. h4 h5 10. Na3 g6 11. Nf3 Nh6 12. Nb5 Nf7 13. 0-0 Be7 14. Re1 Kf8 15. Ba3 Kg7 16. Bxe7 Qxe7 17. Qc1 a6 18. c4 dxc4 19. Bb1 Rb8 20. Qxc4 axb5 21. Qxb5 Qb4 22. Bd3 Qxb5 23. Bxb5 Rd8 24. Rad1 Ne7 25. Rd2 Bd7 26. Bc4 b5 27. Bb3 Rb6 28. Rde2 Bc8 29. Rc2 Bb7 30. Rc7 Bxf3 31. Rxe7 Rb7 32. Rxf7+ Kxf7 33. gxf3 Rxd4 0-1

[Event "Basingstoke Spring Bank op U1825"]
[Site "Basingstoke"]
[Date "2018.05.25"]
[Round "1.6"]
[White "Towers, Brian"]
[Black "Brown, Geoffrey D"]
[Result "0-1"]
[WhiteElo "1780"]
[BlackElo "1547"]
[PlyCount "60"]
[EventDate "2018.05.25"]
[EventType "swiss"]
[EventRounds "7"]
[EventCountry "ENG"]
[SourceTitle "EXT 2023"]
[Source "ChessBase"]
[SourceDate "2022.10.05"]
[SourceVersion "1"]
[SourceVersionDate "2022.10.05"]
[SourceQuality "1"]

1. d4 e6 2. Nf3 f5 3. Bf4 Nf6 4. Nc3 Be7 5. Qd3 Nc6 6. a3 d6 7. h3 0-0 8. g4 b6 9. gxf5 Nh5 10. Bd2 Rxf5 11. Bg2 a5 12. 0-0-0 Rb8 13. e4 Nf4 14. Bxf4 Rxf4 15. Ne2 Rf7 16. Kb1 b5 17. d5 Ne5 18. Nxe5 dxe5 19. Qg3 Qf8 20. dxe6 Bxe6 21. Qxe5 Bc4 22. Nd4 Bd6 23. Qg5 h6 24. Qh5 Bxa3 25. bxa3 Qxa3 26. Qe5 Ba2+ 27. Ka1 Rxf2 28. Qxc7 Bc4+ 29. Kb1 Qa2+ 30. Kc1 Qa1# 0-1

[Event "Wakefield 4NCL op-B 14th"]
[Site "Wokefield"]
[Date "2017.07.16"]
[Round "5"]
[White "Verma, Shlok"]
[Black "Brown, Geoffrey D"]
[Result "1-0"]
[WhiteElo "1475"]
[BlackElo "1565"]
[PlyCount "93"]
[EventDate "2017.07.14"]
[EventType "swiss"]
[EventRounds "5"]
[EventCountry "ENG"]
[SourceTitle "EXT 2018"]
[Source "ChessBase"]
[SourceDate "2017.10.13"]
[SourceVersion "1"]
[SourceVersionDate "2017.10.13"]
[SourceQuality "1"]

1. d4 e6 2. c4 f5 3. Nf3 Nf6 4. Nc3 Be7 5. Bf4 0-0 6. e3 d6 7. Bd3 a5 8. 0-0 Qe8 9. Nd2 Nbd7 10. Bg3 Nh5 11. Qf3 Bd8 12. a3 Kh8 13. b4 g5 14. h3 Ndf6 15. Qe2 Nxg3 16. fxg3 g4 17. h4 Nh5 18. Kh2 Be7 19. Qe1 Qd8 20. Rh1 c5 21. b5 b6 22. Ne2 e5 23. a4 Ra7 24. Rf1 Qe8 25. d5 Bd8 26. Qf2 Raf7 27. Bc2 Be7 28. Kg1 Qd8 29. Ra3 f4 30. exf4 exf4 31. Be4 fxg3 32. Qxf7 Rxf7 33. Rxf7 Nf6 34. Re3 Qe8 35. Bg6 hxg6 36. Rexe7 Qd8 37. Nxg3 Bd7 38. Nge4 Nxe4 39. Nxe4 Bf5 40. Rh7+ Kg8 41. Reg7+ Kf8 42. Rh8+ Kxg7 43. Rxd8 Bxe4 44. Rxd6 Bd3 45. Rxb6 Bxc4 46. Rc6 Bxd5 47. Rxc5 1-0

[Event "Wetherby 4NCL op-B 6th"]
[Site "Wetherby"]
[Date "2016.01.10"]
[Round "5"]
[White "Procter, Colin S"]
[Black "Brown, Geoffrey D"]
[Result "0-1"]
[WhiteElo "1825"]
[BlackElo "1512"]
[PlyCount "76"]
[EventDate "2016.01.08"]
[EventType "swiss"]
[EventRounds "5"]
[EventCountry "ENG"]
[SourceTitle "CBM 170 Extra"]
[Source "ChessBase"]
[SourceDate "2016.02.25"]
[SourceVersion "1"]
[SourceVersionDate "2016.02.25"]
[SourceQuality "1"]

1. Nf3 b6 2. g3 Bb7 3. Bg2 e6 4. d4 Nf6 5. 0-0 c5 6. c4 cxd4 7. Qxd4 Nc6 8. Qd1 Rc8 9. Nc3 a6 10. Bf4 Bb4 11. Bd6 Bxc3 12. bxc3 Na5 13. c5 bxc5 14. Rb1 Ne4 15. Qd3 Nxd6 16. Qxd6 Nc4 17. Qd3 Bxf3 18. Bxf3 Ne5 19. Qxa6 Nxf3+ 20. exf3 0-0 21. Rb7 d5 22. Qb5 c4 23. Rb1 h5 24. Kg2 Ra8 25. a4 Qa5 26. Qxa5 Rxa5 27. R1b4 Kh7 28. f4 Kg6 29. Kf3 Rfa8 30. Rd7 Rxa4 31. Rbb7 Rf8 32. Rb6 Ra3 33. Rxd5 Rxc3+ 34. Kg2 Rc2 35. Rg5+ Kh6 36. Rc5 Rd8 37. Rbc6 Rdd2 38. Rxc4 Rxf2+ 0-1

[Event "Hampstead op U1900 34th"]
[Site "Hampstead"]
[Date "2015.11.28"]
[Round "2"]
[White "Brown, Geoffrey D"]
[Black "Gazis, Georgios"]
[Result "0-1"]
[WhiteElo "1512"]
[BlackElo "1778"]
[PlyCount "64"]
[EventDate "2015.11.28"]
[EventType "swiss"]
[EventRounds "5"]
[EventCountry "ENG"]
[SourceTitle "EXT 2018"]
[Source "ChessBase"]
[SourceDate "2017.10.13"]
[SourceVersion "1"]
[SourceVersionDate "2017.10.13"]
[SourceQuality "1"]

1. e4 c5 2. a3 Nc6 3. b4 cxb4 4. axb4 Nxb4 5. c3 Nc6 6. d4 d5 7. exd5 Qxd5 8. Na3 a6 9. Nb5 Qd8 10. Nf3 Bg4 11. h3 Bxf3 12. Qxf3 axb5 13. Rxa8 Qxa8 14. Bxb5 e6 15. 0-0 Be7 16. c4 Kf8 17. Bb2 Nf6 18. Re1 h5 19. d5 exd5 20. Bxf6 Bxf6 21. cxd5 Ne5 22. Qe3 Qa5 23. Qc5+ Kg8 24. Qc8+ Kh7 25. Qf5+ g6 26. Qxf6 Qxe1+ 27. Kh2 Rf8 28. d6 Nc6 29. Bxc6 bxc6 30. d7 Qa5 31. Qxc6 Qe5+ 32. Kg1 Rd8 0-1

[Event "Sunningdale e2e4 U2200 op 04"]
[Site "Sunningdale"]
[Date "2014.04.20"]
[Round "6"]
[White "Brown, Geoffrey D"]
[Black "Baleani, Guido"]
[Result "1/2-1/2"]
[WhiteElo "1825"]
[BlackElo "1549"]
[PlyCount "46"]
[EventDate "2014.04.17"]
[EventType "swiss"]
[EventRounds "7"]
[EventCountry "ENG"]
[SourceTitle "EXT 2015"]
[Source "ChessBase"]
[SourceDate "2014.11.20"]
[SourceVersion "1"]
[SourceVersionDate "2014.11.20"]
[SourceQuality "1"]

1. e4 d6 2. d4 Nf6 3. Nc3 g6 4. Nf3 Bg7 5. Bc4 0-0 6. Bb3 Nbd7 7. 0-0 e5 8. dxe5 Nxe5 9. Nxe5 dxe5 10. Bg5 c6 11. Qxd8 Rxd8 12. Rad1 Re8 13. Rd6 Nh5 14. Rfd1 Nf4 15. f3 Be6 16. Bxe6 Nxe6 17. Be3 Bf8 18. Rd7 b6 19. Ne2 Red8 20. Kf2 Be7 21. Nc3 Kf8 22. Rxd8+ Rxd8 23. Rxd8+ Nxd8 1/2-1/2